Fe, Esperanza y Caridad /

Three stories make up this entertaining Mexican film. In "Fe" (Faith), a woman sets out on a pilgrimage to save her husband from a fatal disease. Though she endures multiple assaults, she vows to return once she sees that the miracle she sought worked. In "Esperanza" (Hope), a ma...

Full description

Bibliographic Details
Other Authors: Bojórquez, Alberto, 1941-2003 (Director), Alcoriza, Luis (Director), Fons, Jorge (Director), Meléndez, Ramón (Producer)
Format: Video
Language:Spanish
Language Notes:In Spanish.
Published: Mexico City, Mexico : Mexican Film Institute (IMCINE), 1972.
Series:Academic Video Online
Subjects:
Online Access:Connect to this streaming video (Alexander Street Press)

MARC

Tag First Indicator Second Indicator Subfields
LEADER 00000cgm a2200000Mi 4500
001 in00005591925
006 m o c
007 cr |n||||||||a
007 vz |za|z|
008 180109s1972 mx 113 e o vlspa d
005 20241201234717.0
035 |a (OCoLC)on1022760534 
040 |a ALSTP  |b eng  |e rda  |e pn  |c ALSTP  |d OCLCO  |d OCLCF  |d CAUOI  |d UPM  |d OCLCA  |d WYU  |d S9I  |d OCLCQ  |d OCLCO  |d AU@  |d OCLCO  |d OCL  |d OCLCQ  |d OCLCO  |d OCLCL  |d OCLCQ  |d DXU 
019 |a 1373429580  |a 1443965153 
035 |a (OCoLC)1022760534  |z (OCoLC)1373429580  |z (OCoLC)1443965153 
082 0 4 |a 863  |q OCoLC 
049 |a TXAM 
245 0 0 |a Fe, Esperanza y Caridad /  |c producciones Escorpion, S.A. y Estudios Churubusco, S.A. presentan ; tres historias de Luis Alcoriza ; una producción de Ramiro Melendez ; libreto cinematográfico, Julio Alejandro [Fe], Luis Alcoriza [Esperanza], Jorge Fons [Caridad] ; director, Alberto Bojorquez [Fe], Luis Alcoriza [Esperanza], Jorge Fons [Caridad]. 
246 3 |a Fe 
246 3 |a Esperanza 
246 3 |a Caridad 
246 3 1 |a Faith 
246 3 1 |a Hope 
246 3 1 |a Charity 
264 1 |a Mexico City, Mexico :  |b Mexican Film Institute (IMCINE),  |c 1972. 
300 |a 1 online resource (113 min.) 
306 |a 015319 
336 |a two-dimensional moving image  |b tdi  |2 rdacontent 
337 |a computer  |b c  |2 rdamedia 
337 |a video  |b v  |2 rdamedia 
338 |a online resource  |b cr  |2 rdacarrier 
347 |a data file  |2 rda 
380 |a Videorecording 
490 0 |a Academic Video Online 
500 |a Title from resource description page (viewed January 09, 2018). 
505 0 0 |t Fe --  |t Esperanza --  |t Caridad. 
511 1 |a Fe: Fabiola Falcon, Armando Silvestre, David Silva, Beto el Boticario, Betty Meléndez, Fabian, Fernando Soto "Mantequilla," Gina Moret. 
511 1 |a Esperanza: Milton Rodríguez, Lilia Prado, Ilya Chagall, Anita Blanch, Alfredo Varela, Jr., Guillermo Orea, Sasha Montenegro, Leticia Robles, Raúl Astor. 
511 1 |a Caridad: Katy Jurado, Julio Aldama, Pancho Cordova, Estela Inda, Doña Sara García. 
520 |a Three stories make up this entertaining Mexican film. In "Fe" (Faith), a woman sets out on a pilgrimage to save her husband from a fatal disease. Though she endures multiple assaults, she vows to return once she sees that the miracle she sought worked. In "Esperanza" (Hope), a man agrees to recreate a freak Jesus Christ show in order to financially help his mother. In "Caridad" (Charity), a humble woman faces the lack of charity from those with means, while her worst nightmares begin to play out. 
546 |a In Spanish. 
586 |a Won 1974 Ariel Awards, Best Actor 
586 |a Won 1974 Ariel Awards, Best Actress 
586 |a Won 1974 Mexican Cinema Journalists Awards, Best Actress 
586 |a Won 1976 Premios ACE, Best Film 
586 |a Won 1976 Premios ACE, Best Actress 
650 0 |a Theological virtues  |v Drama. 
650 7 |a Theological virtues  |2 fast 
655 7 |a Feature films  |2 fast 
655 7 |a Drama  |2 fast 
655 7 |a Fiction films  |2 fast 
655 7 |a Short films  |2 fast 
655 7 |a Short films.  |2 lcgft 
655 7 |a Fiction films.  |2 lcgft 
655 7 |a Feature films.  |2 lcgft 
655 7 |a Courts métrages.  |2 rvmgf 
655 7 |a Films de fiction.  |2 rvmgf 
700 1 |a Bojórquez, Alberto,  |d 1941-2003,  |e director.  |1 https://id.oclc.org/worldcat/entity/E39PBJfGV7WvFvphg6C7Jck7HC 
700 1 |a Alcoriza, Luis,  |e director. 
700 1 |a Fons, Jorge,  |e director. 
700 1 |a Meléndez, Ramón,  |e producer. 
710 2 |a Estudios Churubusco Azteca,  |e production company. 
710 2 |a Escorpion (Firm),  |e production company. 
758 |i has work:  |a Fe, Esperanza y Caridad (MovingImage)  |1 https://id.oclc.org/worldcat/entity/E39PCGmFwtBg6XGdYHB8HbHcj3  |4 https://id.oclc.org/worldcat/ontology/hasWork 
856 4 0 |u http://proxy.library.tamu.edu/login?url=https://www.aspresolver.com/aspresolver.asp?MARC;3336631  |z Connect to this streaming video (Alexander Street Press)  |t 0 
955 |a Alexander Street Press subscription streaming video 
994 |a 92  |b TXA 
999 f f |s 1204c048-ed14-4521-bfc8-45fc225bb87f  |i 97d73108-452b-4009-9d9b-5ed7068541a9  |t 0 
952 f f |a Texas A&M University  |b College Station  |c Electronic Resources  |d Available Online  |t 0  |h Library of Congress classification 
998 f f |t 0  |l Available Online